000 00654nam a2200217Ia 4500
001 15175
003 GE_BSU
008 181216s||||||||xx |||||||||||||| ||und||
040 _cGE_BSU
080 _a821.353.1-1
100 _aშალამბერიძე, ოთარ
245 _aხვალ და მერე.
245 _bლექსები
245 _cრედ:ც.ქაროსანიძე; მხატვ:გ.ღლონტი
260 _aთბილისი.
260 _bმერანი
260 _c1980
300 _a110გვ; პორტრ;17სმ.
653 _aლექსები
942 _cBK
999 _c48290
_d48290